| 000 | 00854nam a22002537a 4500 | ||
|---|---|---|---|
| 001 | 8757 | ||
| 003 | FISKH | ||
| 005 | 20251017105249.0 | ||
| 008 | 251017b cb ||||| |||| 00| 0 eng d | ||
| 020 | _a0394900383 | ||
| 040 |
_aFISKH _beng _cFISKH _dFISKH |
||
| 082 | _a813.54 | ||
| 100 | _aSeuss | ||
| 245 |
_aFox in socks : _bA tongue twister for super children / _cBy Dr. Seuss |
||
| 260 |
_aNew York : _bRandom House , _c1965. |
||
| 300 |
_a61 pages : _bcolor illustrations ; _c22 cm . |
||
| 490 |
_aI can read it all by myself _vBeginner Books |
||
| 505 | _aG | ||
| 520 | _aPresents selected tongue twisters from a Dr. Seuss favorite with touch-and-feel tabs to let readers feel the fluffy chick, scratchy brick, and sticky goo. | ||
| 521 | 8 |
_a380
_bLexile |
|
| 521 | 8 |
_aG
_bRaz-Plus |
|
| 942 |
_2ddc _cBK _n0 |
||
| 999 |
_c8757 _d8757 |
||